000 01226cad a22002775a 4500
001 L159386
008 170113s2017 xxk f 000 0 eng d
020 _a9781138838062
035 _a(Sirsi) u159386
041 0 _aeng
050 0 4 _a692.5 $2 18
100 1 _aBrook, Martin
245 0 0 _aEstimating and tendering for construction work
250 _a5th ed.
260 _aAbington, Routledge
_c2017
300 _axx1, 324p ; 24 cm
520 _aSets out the role of the estimator at every stage of the project process. This new edition is updated to take account of new tendering and procurement methods, the increased emphasis on partnering collaborative working and the move from basic estimating to cost planning. Includes NRM1 and NRM2 and emerging technologies such as BIM and estimating systems which can intereact with 3D design models.
520 _aSupersedes 4 edition (ISBN 9780750686167) which is also available an EBook
521 _aAdvanced
590 _aKA
651 4 _aUnited Kingdom
690 _aProcurement
_96260
690 _aConstruction management
_96230
856 _uhttps://www.vlebooks.com/
_zView on VLEbooks. Logins for members only from [email protected]
942 _n0
_2ddc
999 _c115854
_d115854